[Event "Roncana op 6th"]
[Site "Santa Eulalia de Roncana"]
[Date "2012.11.17"]
[Round "6"]
[White "Cruz Estrada, Filemon"]
[Black "Diaz Moron, Agustin"]
[Result "1-0"]
[WhiteElo "2425"]
[BlackElo "1976"]
[PlyCount "43"]
[EventDate "2012.10.06"]
[EventType "swiss"]
[EventRounds "8"]
[EventCountry "ESP"]
[SourceTitle "EXT 2014"]
[Source "ChessBase"]
[SourceDate "2013.11.20"]
[SourceVersion "1"]
[SourceVersionDate "2013.11.20"]
[SourceQuality "1"]

1. c4 Nc6 2. g3 e5 3. Bg2 Nf6 4. Nc3 Bc5 5. e3 0-0 6. Nge2 d5 7. cxd5 Nb4 8. d4 exd4 9. exd4 Be7 10. 0-0 Nbxd5 11. Nf4 Nb6 12. a4 a5 13. Re1 c6 14. Qd3 Bb4 15. Bd2 Qd6 16. Re5 Bd7 17. Nh5 Bxc3 18. Nxf6+ Qxf6 19. Bxc3 Be6 20. d5 cxd5 21. Rxd5 Qh6 22. Rd6 1-0

[Event "Roncana op 6th"]
[Site "Santa Eulalia de Roncana"]
[Date "2012.11.10"]
[Round "5"]
[White "Diaz Moron, Agustin"]
[Black "Hernandez Martinez, Carlos"]
[Result "1-0"]
[WhiteElo "1976"]
[BlackElo "1656"]
[PlyCount "117"]
[EventDate "2012.10.06"]
[EventType "swiss"]
[EventRounds "8"]
[EventCountry "ESP"]
[SourceTitle "EXT 2014"]
[Source "ChessBase"]
[SourceDate "2013.11.20"]
[SourceVersion "1"]
[SourceVersionDate "2013.11.20"]
[SourceQuality "1"]

1. e4 c6 2. d4 d5 3. Nc3 dxe4 4. Bc4 Nf6 5. f3 Bf5 6. g4 Bg6 7. g5 Nd5 8. fxe4 Nxc3 9. bxc3 e6 10. Nf3 Bxe4 11. 0-0 Bd6 12. Qe2 Bd5 13. Bd3 Bxf3 14. Qxf3 Qe7 15. Rb1 Rf8 16. Bd2 Kd8 17. c4 h6 18. c5 Bc7 19. g6 f5 20. Kh1 Kc8 21. Rbe1 Qh4 22. Qf2 Qxf2 23. Rxf2 Kd7 24. Rfe2 e5 25. dxe5 Na6 26. e6+ Ke7 27. Bxa6 bxa6 28. Bc3 Rab8 29. Rd1 Rfd8 30. Rxd8 Rxd8 31. h4 f4 32. Kg2 h5 33. Kf3 Rg8 34. a4 Bb8 35. Bd4 Bc7 36. c3 Bb8 37. c4 Bc7 38. Be5 Bxe5 39. Rxe5 Rb8 40. Kxf4 Rb4 41. Kg5 Rxa4 42. Kxh5 Rxc4 43. Kg5 Rc1 44. h5 a5 45. Kf4 a4 46. h6 gxh6 47. Re4 Rg1 48. Rxa4 Rxg6 49. Rxa7+ Kxe6 50. Ke4 h5 51. Rh7 Rg4+ 52. Kf3 Rh4 53. Kg3 Rg4+ 54. Kf3 Rg5 55. Rh6+ Kd5 56. Kf4 Re5 57. Rd6+ Kxc5 58. Kxe5 h4 59. Rh6 1-0

[Event "Roncana op-A 5th"]
[Site "Santa Eulalia de Roncana"]
[Date "2011.10.15"]
[Round "3"]
[White "Diaz Moron, Agustin"]
[Black "Guerrero Berrio, Bernabe"]
[Result "1-0"]
[WhiteElo "2003"]
[BlackElo "1885"]
[PlyCount "55"]
[EventDate "2011.10.01"]
[EventType "swiss"]
[EventRounds "8"]
[EventCountry "ESP"]
[SourceTitle "EXT 2013"]
[Source "ChessBase"]
[SourceDate "2012.11.22"]
[SourceVersion "1"]
[SourceVersionDate "2012.11.22"]
[SourceQuality "1"]

1. e4 e6 2. d4 d5 3. e5 c5 4. c3 Nc6 5. Nf3 cxd4 6. cxd4 Nge7 7. Nc3 Nf5 8. Bd3 Nfxd4 9. Nxd4 Nxd4 10. 0-0 Nc6 11. Re1 Bc5 12. Qg4 g6 13. a3 Qb6 14. Qg3 Bd4 15. Nb5 Kd7 16. Qf4 Rf8 17. Nxd4 Qxd4 18. Qh6 Ke8 19. Bb5 Bd7 20. Be3 Qxb2 21. Bxc6 Bxc6 22. Bc5 Rh8 23. Qg7 Kd7 24. Qxf7+ Kc8 25. Qxe6+ Bd7 26. Qxd5 Qb5 27. Rac1 Re8 28. Be7+ 1-0

[Event "Roncana op 4th"]
[Site "Santa Eulalia de Roncana"]
[Date "2010.11.20"]
[Round "8"]
[White "Cornejo Vera, Danilo"]
[Black "Diaz Moron, Agustin"]
[Result "1-0"]
[WhiteElo "1679"]
[BlackElo "2032"]
[PlyCount "69"]
[EventDate "2010.10.02"]
[EventType "swiss"]
[EventRounds "9"]
[EventCountry "ESP"]
[SourceTitle "EXT 2012"]
[Source "ChessBase"]
[SourceDate "2011.11.24"]
[SourceVersion "1"]
[SourceVersionDate "2011.11.24"]
[SourceQuality "1"]

1. e4 e5 2. Nc3 Nc6 3. Nge2 Bc5 4. Nd5 Nf6 5. d4 Nxd4 6. Bg5 Ne6 7. Bxf6 gxf6 8. b4 Bf8 9. c3 d6 10. Ng3 c6 11. Ne3 Nf4 12. Ngf5 Be6 13. g3 Ng6 14. Bc4 h5 15. h4 Qc7 16. Qb3 Bxc4 17. Nxc4 0-0-0 18. 0-0 Qd7 19. Rfd1 Qe6 20. b5 d5 21. bxc6 Qxc6 22. exd5 Qd7 23. Rab1 Bc5 24. Nfd6+ Bxd6 25. Nxd6+ Kb8 26. Nxb7 Ka8 27. Nxd8 Rxd8 28. c4 e4 29. c5 Ne5 30. c6 Qc7 31. Qc3 Nf3+ 32. Kf1 Qc8 33. c7 Qa6+ 34. Kg2 Rg8 35. Rb8+ 1-0

[Event "Roncana op 4th"]
[Site "Santa Eulalia de Roncana"]
[Date "2010.10.16"]
[Round "3"]
[White "Diaz Moron, Agustin"]
[Black "Bosch Ricart, Joan"]
[Result "1-0"]
[WhiteElo "2032"]
[BlackElo "1778"]
[PlyCount "73"]
[EventDate "2010.10.02"]
[EventType "swiss"]
[EventRounds "9"]
[EventCountry "ESP"]
[SourceTitle "EXT 2012"]
[Source "ChessBase"]
[SourceDate "2011.11.24"]
[SourceVersion "1"]
[SourceVersionDate "2011.11.24"]
[SourceQuality "1"]

1. e4 e5 2. Nf3 Nf6 3. Bc4 d5 4. exd5 Bd6 5. d4 e4 6. Ne5 0-0 7. 0-0 Bxe5 8. dxe5 Ng4 9. Bf4 g5 10. Bg3 h5 11. e6 fxe6 12. dxe6 Qe7 13. Nc3 Bxe6 14. Bxe6+ Qxe6 15. Qd5 Qxd5 16. Nxd5 Nc6 17. Nxc7 Rac8 18. Ne6 Rf5 19. h3 Nf6 20. Rad1 Nb4 21. Nd4 Rd5 22. Rd2 Rcd8 23. c3 e3 24. Re2 Nc6 25. fxe3 Ne4 26. Bh2 g4 27. Rf4 Re8 28. hxg4 hxg4 29. Rxg4+ Rg5 30. Rxg5+ Nxg5 31. Nxc6 bxc6 32. Bf4 Ne4 33. g3 Rd8 34. Kg2 Rd1 35. Kf3 Nd2+ 36. Kg4 Nc4 37. e4 1-0

[Event "Roncana op 4th"]
[Site "Santa Eulalia de Roncana"]
[Date "2010.10.09"]
[Round "2"]
[White "Fernandez Felguera, Alvaro"]
[Black "Diaz Moron, Agustin"]
[Result "0-1"]
[WhiteElo "1724"]
[BlackElo "2032"]
[PlyCount "96"]
[EventDate "2010.10.02"]
[EventType "swiss"]
[EventRounds "9"]
[EventCountry "ESP"]
[SourceTitle "EXT 2012"]
[Source "ChessBase"]
[SourceDate "2011.11.24"]
[SourceVersion "1"]
[SourceVersionDate "2011.11.24"]
[SourceQuality "1"]

1. d4 d5 2. c4 e5 3. dxe5 d4 4. Nf3 Nc6 5. Nbd2 Bg4 6. h3 Bh5 7. g4 Bg6 8. Nb3 Bb4+ 9. Bd2 Qe7 10. a3 Bxd2+ 11. Qxd2 0-0-0 12. Qf4 d3 13. exd3 Bxd3 14. Bxd3 Rxd3 15. Qf5+ Qd7 16. Qxd7+ Rxd7 17. Nc5 Re7 18. 0-0-0 Nh6 19. Rhe1 Rhe8 20. Rd5 b6 21. Nb3 f6 22. Nbd4 Na5 23. c5 c6 24. Rd6 Nf7 25. Nf5 Rc7 26. cxb6 axb6 27. e6 Ne5 28. Nxe5 fxe5 29. e7 g6 30. Rxg6 hxg6 31. Nd6+ Kd7 32. Nxe8 Kxe8 33. Rxe5 Rxe7 34. Rxe7+ Kxe7 35. h4 Kf6 36. f4 Nc4 37. a4 Ne3 38. h5 Nxg4 39. hxg6 Kxg6 40. Kd2 Kf5 41. Kc3 Kxf4 42. Kd4 Ne5 43. b4 Nf3+ 44. Kc4 Ke4 45. a5 Ne5+ 46. Kc3 b5 47. a6 Nc4 48. a7 Nb6 0-1

[Event "Mollet del Valles A"]
[Site "Mollet del Valles"]
[Date "2009.11.27"]
[Round "9.3"]
[White "Diaz Moron, Agustin"]
[Black "Rafols Albet, Josep"]
[Result "0-1"]
[WhiteElo "2043"]
[BlackElo "2075"]
[PlyCount "53"]
[EventDate "2009.10.02"]
[EventType "swiss"]
[EventRounds "9"]
[EventCountry "ESP"]
[SourceTitle "EXT 2024"]
[Source "ChessBase"]
[SourceDate "2023.10.10"]
[SourceVersion "1"]
[SourceVersionDate "2023.10.10"]
[SourceQuality "1"]

1. e4 e5 2. d4 exd4 3. Qxd4 Nc6 4. Qe3 Bb4+ 5. Nc3 Nf6 6. Bd2 0-0 7. 0-0-0 Re8 8. Qg3 d6 9. f3 Be6 10. h4 Nh5 11. Qh2 Ne5 12. g4 Nf6 13. Qg3 c6 14. h5 Qa5 15. g5 Nfd7 16. f4 Nc4 17. Bxc4 Bxc4 18. g6 Bxa2 19. h6 fxg6 20. hxg7 Bf7 21. Nge2 Rxe4 22. Qh3 Nf6 23. Ng3 Qa1+ 24. Nb1 Ba2 25. Bc3 Qxb1+ 26. Kd2 Rd4+ 27. Ke3 0-1

[Event "Mollet del Valles A"]
[Site "Mollet del Valles"]
[Date "2009.10.23"]
[Round "4.2"]
[White "Miguel Centeno, David"]
[Black "Diaz Moron, Agustin"]
[Result "1-0"]
[WhiteElo "2088"]
[BlackElo "2043"]
[PlyCount "97"]
[EventDate "2009.10.02"]
[EventType "swiss"]
[EventRounds "9"]
[EventCountry "ESP"]
[SourceTitle "EXT 2024"]
[Source "ChessBase"]
[SourceDate "2023.10.10"]
[SourceVersion "1"]
[SourceVersionDate "2023.10.10"]
[SourceQuality "1"]

1. e4 d5 2. exd5 Nf6 3. d4 Bg4 4. f3 Bf5 5. c4 e6 6. dxe6 Nc6 7. Be3 Bb4+ 8. Nc3 Qe7 9. Bd3 fxe6 10. Nge2 0-0-0 11. 0-0 Bxd3 12. Qxd3 Ne5 13. Qc2 Nxc4 14. Bf2 Kb8 15. Rfe1 Bd6 16. Ng3 Bxg3 17. Bxg3 Qd7 18. Rad1 Nb6 19. Qb3 Nbd5 20. Na4 Rhe8 21. Re2 Ka8 22. Nc5 Qc8 23. Rde1 Nh5 24. Nxe6 Nxg3 25. hxg3 Rd7 26. Nc5 Rxe2 27. Rxe2 Rd8 28. Qd3 c6 29. Qxh7 b6 30. Ne6 Re8 31. Qg6 Re7 32. f4 Qa6 33. Qc2 Nb4 34. Qf5 Qc8 35. a3 Nd5 36. Re5 Nf6 37. Nxg7 Qxf5 38. Nxf5 Rd7 39. Re6 Ng4 40. Re8+ Kb7 41. Re7 Kc7 42. Kf1 Rxe7 43. Nxe7 Ne3+ 44. Ke2 Nc4 45. f5 Nxb2 46. f6 Kd7 47. g4 Nc4 48. g5 Nxa3 49. g6 1-0

[Event "Mollet del Valles A"]
[Site "Mollet del Valles"]
[Date "2009.10.02"]
[Round "1.4"]
[White "Diaz Moron, Agustin"]
[Black "Fernandez Diaz, Cristian"]
[Result "1/2-1/2"]
[WhiteElo "2043"]
[BlackElo "1710"]
[PlyCount "68"]
[EventDate "2009.10.02"]
[EventType "swiss"]
[EventRounds "9"]
[EventCountry "ESP"]
[SourceTitle "EXT 2024"]
[Source "ChessBase"]
[SourceDate "2023.10.10"]
[SourceVersion "1"]
[SourceVersionDate "2023.10.10"]
[SourceQuality "1"]

1. e4 c5 2. c3 d5 3. exd5 Qxd5 4. d4 Nc6 5. Nf3 Bg4 6. Be2 Nf6 7. 0-0 e6 8. Be3 cxd4 9. cxd4 Be7 10. Nc3 Qd7 11. Ne5 Bxe2 12. Qxe2 Qd8 13. Qb5 0-0 14. Nxc6 bxc6 15. Qxc6 Rb8 16. Rab1 Bb4 17. Qf3 Qa5 18. Ne4 Nxe4 19. Qxe4 Rfc8 20. a3 Bd6 21. Rfd1 Qh5 22. g3 Rxb2 23. Qd3 Rbb8 24. Qa6 Qd5 25. Rdc1 Rxc1+ 26. Rxc1 h6 27. Rc8+ Rxc8 28. Qxc8+ Kh7 29. Qa6 Bb8 30. Qc8 Qb3 31. a4 Qb1+ 32. Kg2 Qe4+ 33. Kg1 Qb1+ 34. Kg2 Qe4+ 1/2-1/2

[Event "Roncana op 2nd"]
[Site "Santa Eulalia de Roncana"]
[Date "2008.11.01"]
[Round "5"]
[White "Diaz Moron, Agustin"]
[Black "Perales Galindo, Eduard"]
[Result "1/2-1/2"]
[WhiteElo "2003"]
[BlackElo "2261"]
[PlyCount "38"]
[EventDate "2008.10.04"]
[EventType "swiss"]
[EventRounds "9"]
[EventCountry "ESP"]
[SourceTitle "EXT 2011"]
[Source "ChessBase"]
[SourceDate "2010.11.26"]
[SourceVersion "1"]
[SourceVersionDate "2010.11.26"]
[SourceQuality "1"]

1. d4 c5 2. d5 e5 3. dxe6 fxe6 4. e4 Nc6 5. Nc3 Nf6 6. Nf3 d5 7. e5 Nd7 8. Bb5 Be7 9. 0-0 a6 10. Bxc6 bxc6 11. Bf4 0-0 12. Bg3 a5 13. Re1 Rb8 14. Rb1 Rb4 15. a3 Rg4 16. h3 Rg6 17. Ne2 Bg5 18. Kh2 Ba6 19. Neg1 Rf5 1/2-1/2

[Event "Canovelles op 11th"]
[Site "Canovelles"]
[Date "2008.04.25"]
[Round "7.10"]
[White "Viaplana Puigdomenech, Santi"]
[Black "Diaz Moron, Agustin"]
[Result "0-1"]
[WhiteElo "1641"]
[BlackElo "2002"]
[PlyCount "80"]
[EventDate "2008.03.07"]
[EventType "swiss"]
[EventRounds "9"]
[EventCountry "ESP"]
[SourceTitle "EXT 2024"]
[Source "ChessBase"]
[SourceDate "2023.10.10"]
[SourceVersion "1"]
[SourceVersionDate "2023.10.10"]
[SourceQuality "1"]

1. e4 d5 2. exd5 Nf6 3. Nc3 Nxd5 4. Nxd5 Qxd5 5. Nf3 Bg4 6. Be2 Nc6 7. 0-0 0-0-0 8. c3 e5 9. h3 Bxf3 10. Bxf3 e4 11. Be2 Ne5 12. Qa4 Kb8 13. Rd1 Nd3 14. b4 Qf5 15. Rf1 h5 16. Qd1 Bd6 17. Bxd3 exd3 18. Bb2 g5 19. c4 Be5 20. Bxe5 Qxe5 21. Re1 Qg7 22. Re3 f5 23. Qe1 g4 24. Re7 Qd4 25. Re3 Qxc4 26. a3 gxh3 27. Rxh3 Rde8 28. Re3 Rxe3 29. Qxe3 f4 30. Qe5 Rg8 31. Re1 a6 32. Qxh5 Qc6 33. Qh3 f3 34. g3 Re8 35. Rxe8+ Qxe8 36. g4 Qe1+ 37. Qf1 Qxd2 38. Qh3 Qe1+ 39. Kh2 Qxf2+ 40. Kh1 Qg2+ 0-1

[Event "Canovelles op 11th"]
[Site "Canovelles"]
[Date "2008.03.07"]
[Round "1.12"]
[White "Lafuente Ruiz, Jose Manuel"]
[Black "Diaz Moron, Agustin"]
[Result "0-1"]
[WhiteElo "1762"]
[BlackElo "2002"]
[PlyCount "86"]
[EventDate "2008.03.07"]
[EventType "swiss"]
[EventRounds "9"]
[EventCountry "ESP"]
[SourceTitle "EXT 2024"]
[Source "ChessBase"]
[SourceDate "2023.10.10"]
[SourceVersion "1"]
[SourceVersionDate "2023.10.10"]
[SourceQuality "1"]

1. e4 d5 2. exd5 Nf6 3. Nf3 Bg4 4. h3 Bh5 5. g4 Bg6 6. Bg2 Nxd5 7. d3 Nc6 8. a3 e6 9. Bd2 Bd6 10. Nc3 Nf4 11. Bxf4 Bxf4 12. Ne2 Bd6 13. 0-0 h5 14. g5 Qd7 15. b4 0-0-0 16. d4 f6 17. b5 Ne7 18. c4 Nf5 19. c5 Be7 20. c6 Qd6 21. Qa4 Kb8 22. b6 bxc6 23. Rac1 cxb6 24. Rxc6 Be8 25. d5 Qxa3 26. Qc2 Bxc6 27. dxc6 Rc8 28. Rc1 Bc5 29. Ned4 Nd6 30. Qd1 Rhe8 31. Ra1 Qb4 32. Nb3 Ne4 33. Nxc5 Qxc5 34. Qd7 Re7 35. c7+ Rxc7 36. Qa4 Qxf2+ 37. Kh2 Rc2 38. Ne1 Qf4+ 39. Kg1 Re2 40. Nf3 Qe3+ 41. Kh2 Rxg2+ 42. Kxg2 Qf2+ 43. Kh1 Ng3# 0-1

[Event "Fincas Mediterranea 2nd"]
[Site "Castelldefels"]
[Date "2005.08.24"]
[Round "8"]
[White "Avila Jimenez, Xavier"]
[Black "Diaz Moron, Agustin"]
[Result "1-0"]
[WhiteElo "2194"]
[BlackElo "1992"]
[PlyCount "99"]
[EventDate "2005.08.17"]
[EventType "swiss"]
[EventRounds "9"]
[EventCountry "ESP"]
[SourceTitle "CBM 107 Extra"]
[Source "ChessBase"]
[SourceDate "2005.09.01"]
[SourceVersion "1"]
[SourceVersionDate "2005.09.01"]
[SourceQuality "1"]

1. d4 d5 2. c4 e5 3. dxe5 d4 4. Nf3 Nc6 5. g3 Be6 6. Qb3 Qd7 7. Bg2 0-0-0 8. 0-0 Na5 9. Qb5 Qxb5 10. cxb5 Bc4 11. Bd2 b6 12. b4 Nb7 13. a4 Bxe2 14. Rc1 Kb8 15. Na3 d3 16. Nc4 f6 17. Bc3 Be7 18. Nd4 Rxd4 19. Bxd4 Bxb4 20. Rcb1 Bc5 21. Bc3 fxe5 22. Nxe5 Nf6 23. Nc6+ Ka8 24. h3 Re8 25. a5 Ne4 26. axb6 Bxf2+ 27. Kh1 Bxb6 28. Rxa7+ Bxa7 29. Ra1 Na5 30. Rxa5 Kb7 31. Nxa7 Kb6 32. Ra6+ Kc5 33. Rc6+ Kd5 34. Rxc7 Kd6 35. Rc6+ Kd7 36. Bxe4 Rxe4 37. Kg2 Bh5 38. g4 Bg6 39. Nc8 Re8 40. Nb6+ Ke7 41. Bb4+ Kf7 42. Rc7+ Kg8 43. Rc8 Kf7 44. Rxe8 Kxe8 45. Nc4 Be4+ 46. Kf2 Kd8 47. Ba5+ Kd7 48. Ke3 Bg2 49. h4 Bf1 50. Ne5+ 1-0

[Event "Fincas Mediterranea 2nd"]
[Site "Castelldefels"]
[Date "2005.08.22"]
[Round "6"]
[White "Maleki, Manuel"]
[Black "Diaz Moron, Agustin"]
[Result "1-0"]
[WhiteElo "2119"]
[BlackElo "1992"]
[PlyCount "77"]
[EventDate "2005.08.17"]
[EventType "swiss"]
[EventRounds "9"]
[EventCountry "ESP"]
[SourceTitle "CBM 107 Extra"]
[Source "ChessBase"]
[SourceDate "2005.09.01"]
[SourceVersion "1"]
[SourceVersionDate "2005.09.01"]
[SourceQuality "1"]

1. d4 d5 2. c4 e5 3. dxe5 d4 4. Nf3 Nc6 5. g3 Be6 6. Nbd2 Qd7 7. Bg2 Bh3 8. e6 Bxe6 9. Ng5 Bf5 10. Qa4 Nge7 11. 0-0 h6 12. Ngf3 Bh3 13. Bxh3 Qxh3 14. Nxd4 0-0-0 15. N4f3 Ng6 16. b4 Kb8 17. Bb2 Bxb4 18. Nb3 Be7 19. Na5 Nxa5 20. Qxa5 h5 21. Bd4 b6 22. Rab1 Ka8 23. Qb5 Rd6 24. c5 Re6 25. cxb6 cxb6 26. Qd5+ Kb8 27. Ne5 Rd8 28. Nc6+ Rxc6 29. Qxc6 Rxd4 30. Rxb6+ axb6 31. Qxb6+ Ka8 32. Qa6+ Kb8 33. Qb6+ Ka8 34. Qxd4 Qf5 35. Qb6 Bc5 36. Qc6+ Ka7 37. e4 Qe5 38. Rb1 Bxf2+ 39. Kh1 1-0